Strategic Optimization of Medium-Sized Enterprises in the Global Market
Gespeichert in:
| Weitere Verfasser: | |
|---|---|
| Format: | Buch |
| Sprache: | Englisch |
| Veröffentlicht: |
Hershey
IGI Global
2019
|
| Ausgabe: | 1st Edition |
| Schriftenreihe: | Advances in Business Strategy and Competitive Advantage (ABSCA)
|
| Schlagworte: | |
| Tags: |
Keine Tags, Fügen Sie das erste Tag hinzu!
|
MARC
| LEADER | 00000nam a2200000 4500 | ||
|---|---|---|---|
| 001 | 0252651 | ||
| 005 | 20240221111506.6 | ||
| 020 | |a 9781522557845 | ||
| 020 | |a 978-1-5225-5784-5 | ||
| 020 | |a 9781522557852 | ||
| 041 | 0 | |a eng | |
| 044 | |a US | ||
| 245 | 1 | 0 | |a Strategic Optimization of Medium-Sized Enterprises in the Global Market |c Editor: Milan Vemić |
| 250 | |a 1st Edition | ||
| 264 | 1 | |a Hershey |b IGI Global |c 2019 | |
| 300 | |a 386 s. | ||
| 490 | 1 | |a Advances in Business Strategy and Competitive Advantage (ABSCA) | |
| 830 | 0 | |a Advances in Business Strategy and Competitive Advantage (ABSCA) | |
| 610 | 2 | 0 | |a globalizácia |
| 610 | 2 | 0 | |a trh |
| 610 | 2 | 0 | |a podnikanie stredné |
| 610 | 2 | 0 | |a stratégia podniková |
| 610 | 2 | 0 | |a optimalizácia |
| 610 | 2 | 0 | |a konkurencieschopnosť |
| 610 | 2 | 0 | |a riadenie podnikové |
| 610 | 2 | 0 | |a plán strategický |
| 700 | 1 | |a Vemić, Milan | |